|
|
|
|
| LEADER |
01298nam a2200301 a 4500 |
| 001 |
c000175961 |
| 003 |
CARM |
| 005 |
19890621000000.0 |
| 008 |
780119r19781873nyua b 000 0 eng |
| 019 |
1 |
|
|a 1114340
|z 23892624
|z 21940801
|5 LACONCORD2021
|
| 020 |
|
|
|a 0405109326
|c $25.00
|
| 035 |
|
|
|a (OCoLC)3631402
|5 LACONCORD2021
|
| 040 |
|
|
|a LC
|b eng
|c LC
|d ABN-SNR
|
| 050 |
0 |
0 |
|a TA185
|b .A46
|
| 082 |
0 |
4 |
|a 657/.42
|
| 245 |
0 |
0 |
|a American engineers' contributions to cost accounting /
|c edited by M. C. Wells, with an introd.
|
| 260 |
|
|
|a New York :
|b Arno Press,
|c 1978.
|
| 300 |
|
|
|a ca. 300 p. :
|b ill. ;
|c 24 cm.
|
| 440 |
|
4 |
|a The Development of contemporary accounting thought.
|
| 500 |
|
|
|a "This anthology is, in a sense, a memorial to the foundation members of the American Society of Mechanical Engineers."
|
| 500 |
|
|
|a Reprint of many articles published between 1873-1912 by various publishers.
|
| 504 |
|
|
|a Bibliography: p. [5]
|
| 650 |
|
0 |
|a Engineering
|x Accounting.
|
| 650 |
|
0 |
|a Cost accounting.
|
| 700 |
1 |
|
|a Wells, M. C.
|q (Murray Charles),
|d 1936-
|
| 852 |
8 |
|
|b CARM
|h A2:AM14D0
|i C05799
|p 0215276
|f BK
|
| 999 |
f |
f |
|i 3ff0b8bf-4b3a-5fa6-b79a-6a84a648eb5c
|s 59ef3a9f-118d-53d1-b5e1-a1fbe21ef4a3
|
| 952 |
f |
f |
|p Can circulate
|a CAVAL
|b CAVAL
|c CAVAL
|d CARM 1 Store
|e C05799
|f A2:AM14D0
|h Other scheme
|i book
|m 0215276
|